[Event "GER-ch U12"]
[Site "Oberhof"]
[Date "2013.05.20"]
[Round "4"]
[White "Rockmann, Jan Okke"]
[Black "Laubrock, Paul"]
[Result "1-0"]
[WhiteElo "1785"]
[BlackElo "1671"]
[PlyCount "106"]
[EventDate "2013.05.19"]
[EventType "swiss"]
[EventRounds "11"]
[EventCountry "GER"]
[SourceTitle "CBM 154 Extra"]
[Source "ChessBase"]
[SourceDate "2013.06.25"]
[SourceVersion "2"]
[SourceVersionDate "2013.06.25"]
[SourceQuality "1"]

1. e4 d5 2. exd5 Nf6 3. Nf3 Nxd5 4. Bc4 Nb6 5. Bb3 Bf5 6. Ne5 e6 7. Qf3 Qf6 8. d4 c6 9. 0-0 N8d7 10. Bf4 Be7 11. Nd2 0-0 12. Ndc4 Rad8 13. Na5 Nxe5 14. dxe5 Qg6 15. Nxb7 Rb8 16. Nd6 Bxc2 17. Rfc1 Bxb3 18. axb3 Nd5 19. Rxa7 Bd8 20. Bg3 Bb6 21. Raa1 Ra8 22. h4 h5 23. Kh2 c5 24. Ra4 Rxa4 25. bxa4 f5 26. exf6 Nxf6 27. Qb3 Ng4+ 28. Kg1 Bc7 29. Qc2 Qh6 30. Ne4 Bxg3 31. Nxg3 Rxf2 32. Qxc5 Qd2 33. Qc6 Rxg2+ 34. Qxg2 Qxc1+ 35. Nf1 Qc5+ 36. Kh1 Nf2+ 37. Kh2 Ng4+ 38. Kh3 Qb4 39. Qc2 Qb7 40. Ng3 Ne3 41. Qe2 Qb3 42. Qxh5 Qxa4 43. Qg5 Qd4 44. b4 Nf5 45. b5 Qd3 46. b6 Qd6 47. b7 Qc7 48. Nxf5 exf5 49. Qg2 Kf8 50. Qf3 Ke7 51. Qg3 f4 52. Qxg7+ Kd6 53. Qf8+ Kd5 1-0

[Event "Bremen-ch op"]
[Site "Bremen"]
[Date "2013.03.30"]
[Round "9"]
[White "Rockmann, Jan Okke"]
[Black "Kuegel, Tobias"]
[Result "0-1"]
[WhiteElo "1745"]
[BlackElo "2065"]
[PlyCount "100"]
[EventDate "2013.03.23"]
[EventType "swiss"]
[EventRounds "9"]
[EventCountry "GER"]
[SourceTitle "EXT 2022"]
[Source "ChessBase"]
[SourceDate "2021.10.06"]
[SourceVersion "1"]
[SourceVersionDate "2021.10.06"]
[SourceQuality "1"]

1. d4 d5 2. Nf3 Nf6 3. e3 e6 4. Bd3 c5 5. c3 Nc6 6. 0-0 Bd6 7. Nbd2 0-0 8. Qe2 e5 9. dxe5 Nxe5 10. Nxe5 Bxe5 11. e4 Qc7 12. exd5 Bxh2+ 13. Kh1 Re8 14. Ne4 Nxe4 15. Bxe4 Bf5 16. Qh5 Bxe4 17. Qxh2 Qxh2+ 18. Kxh2 Bxd5 19. Be3 b6 20. Rfd1 Rad8 21. Rd2 Be6 22. a4 Rxd2 23. Bxd2 Rd8 24. Be3 a5 25. b4 axb4 26. cxb4 cxb4 27. Bxb6 Ra8 28. a5 Ra6 29. Rb1 b3 30. Kg3 g5 31. Kf3 h5 32. Kg3 Kg7 33. Rb2 Kg6 34. f3 f5 35. Rd2 f4+ 36. Kf2 Kf5 37. Kg1 g4 38. fxg4+ hxg4 39. Kf2 Ke4 40. g3 f3 41. Rd4+ Ke5 42. Ke3 Ra8 43. Rd2 Bf5 44. Rb2 Bc2 45. Kd2 Ke4 46. Kc3 Kd5 47. Kb4 Kc6 48. Be3 Kb7 49. Kb5 Re8 50. a6+ Ka8 0-1